000 00596nam a2200193 a 4500
001 000041857
005 20201002035808.0
008 131018s1986 mx 000 0 spa d
020 _a9681603206
040 _aDO-SdBNP
_bspa
_cBNPHU
082 _axxxx
_bxxxx
100 1 _aAzuela, Mariano
_942147
245 1 4 _aLos de abajo :
_bnovela de la revolución mexicana /
_cMariano Azuela.
260 _aMéxico :
_bFondo de cultura económica,
_c1986.
300 _a140 p. ;
_c17 cm.
490 1 _aPopular
_v13
500 _aLa biblioteca posee la 26 reimpresión de 1987
830 0 _aPopular
_n13
_968743
999 _c41346
_d41346